| Tag |
First Indicator |
Second Indicator |
Subfields |
| LEADER |
00000cgm a22000003i 4500 |
| 001 |
in00003747653 |
| 006 |
m||||||||c|||||||| |
| 007 |
cr |n|---||a|a |
| 007 |
vz |zazu| |
| 008 |
080405s1996 nyu061 g||||||s|||v|eng|d |
| 005 |
20260324205813.2 |
| 035 |
|
|
|a (OCoLC)747799095
|
| 035 |
|
|
|a ASP1652626/flon
|
| 040 |
|
|
|a VaAlASP
|c VaAlASP
|d UtOrBLW
|
| 050 |
|
4 |
|a LC2412
|b .R634 1996
|
| 100 |
1 |
|
|a Robertson, Shari.
|0 http://id.loc.gov/authorities/names/no2001079463
|
| 245 |
1 |
0 |
|a These girls are missing /
|c by Shari Robertson and Michael Camerini.
|
| 264 |
|
1 |
|a New York, NY :
|b Filmakers Library,
|c 1996.
|
| 300 |
|
|
|a 1 online resource (62 min.).
|
| 336 |
|
|
|a two-dimensional moving image
|b tdi
|2 rdacontent
|
| 337 |
|
|
|a computer
|b c
|2 rdamedia
|
| 337 |
|
|
|a video
|b v
|2 rdamedia
|
| 338 |
|
|
|a online resource
|b cr
|2 rdacarrier
|
| 338 |
|
|
|a other
|b vz
|2 rdacarrier
|
| 500 |
|
|
|a Originally released as DVD.
|
| 500 |
|
|
|a Title from resource description page (viewed May 24, 2011).
|
| 520 |
|
|
|a Everybody knows this instinctively -- educate women and you will change society. Perhaps that's why in many African countries, fewer than 20% of girls ever enter a schoolroom, and across the continent, only one woman in three learns to read. It s not official policy. In fact, an international industry devoted to changing the status quo exists. Still the deck is stacked against African girls. How can a schoolgirl be such a threat to traditional concepts of appropriate gender roles and control of fertility? These Girls Are Missing offers small sets of stories, sharp glimpses into a few intimate relationships layered to mirror the complex reality: Nadouba and Bintu in their West African village, Taz and Patricia from elite St. Mary s Secondary School in Malawi, Ethel and her mother torn between village and the modern world, a relaxed and riotous conversation among a group of Malinke elders. Through knowing them, the audience grows to understand how deep cultural attitudes, more than economics, undermine the future of Africa s women. More provocative than prescriptive, this film aims to inspire reflection, argument and deeper understanding.
|
| 521 |
|
|
|a For High School; College; Adult audiences.
|
| 546 |
|
|
|a This edition in English.
|
| 586 |
|
|
|a African Studies Association, 1996
|
| 586 |
|
|
|a Silver Apple, National Educational Film and Video Festival, 1997
|
| 500 |
|
|
|a Slide.
|
| 650 |
|
0 |
|a Sex discrimination in education
|z Africa.
|
| 650 |
|
0 |
|a Sex role
|z Africa.
|
| 650 |
|
0 |
|a Women
|x Education
|z Africa.
|
| 651 |
|
7 |
|a Africa.
|0 (OCoLC)1239509
|2 fast
|
| 655 |
|
7 |
|a Internet videos.
|2 lcgft
|0 http://id.loc.gov/authorities/genreForms/gf2011026337
|
| 655 |
|
7 |
|a Documentary films.
|2 lcgft
|0 http://id.loc.gov/authorities/genreForms/gf2011026205
|
| 700 |
1 |
|
|a Camerini, Michael.
|0 http://id.loc.gov/authorities/names/nr92004239
|
| 776 |
1 |
|
|c Original
|w (OCoLC)747799095
|
| 856 |
4 |
0 |
|u http://proxy.library.tamu.edu/login?url=https://www.aspresolver.com/aspresolver.asp?FLON;1652626
|z Connect to this streaming video (Alexander Street Press)
|t 0
|
| 999 |
f |
f |
|s 96567e75-05b7-3d4a-b48f-b8a7fce63305
|i de0dac2b-0eea-333e-ac12-944a9dac6d50
|t 0
|
| 952 |
f |
f |
|a Texas A&M University
|b College Station
|c Electronic Resources
|s www_evans
|d Available Online
|t 0
|e LC2412 .R634 1996
|h Library of Congress classification
|
| 998 |
f |
f |
|a LC2412 .R634 1996
|t 0
|l Available Online
|